000 00924nas a2200301 4500
001 BR0002430
003 BR-BrBNA
005 20231205101835.0
007 ta
008 230509b bl.|||p| |||| 00| 00por d
040 _aBR-BrBNA
_bpor
_cBiblioteca Nacional de Agricultura
041 _a(Pt)
072 _aF01; P34
100 1 _aSouza, P.V.D. de
100 1 _aAgusti, M.
100 1 _aAbad, M.
100 1 _aAlmela, V.
245 1 _aDesenvolvimento vegetativo e morfologia radicular de citrange carrizo afetado por acido indolbutirico e micorrizas arbusculares
650 _aFruta Citrica
650 _aAuxina
650 _aSistema Radicular
650 _aAcido Indolbutirico
650 _aMicorriza
650 _aNutriente Mineral
773 0 _tCiencia Rural (Brazil)
_xISSN 0103-8478
_g(Mar-Apr 2000), v. 30(2) p. 249-255
_wBR0002430
909 _a202311
_bLúcia
_c55
_dLúcia Elande
942 _2AGRIS
_n0
_cANA
999 _c164252
_d164252